Древние структуры Западно-Сибирской равнины в связи с проблемой нефтеносности; Научно-техническая конференция, посвященная 25-летию Великой Октябрьской социалистической революции, Томск 3-6 декабря 1942 г.

গ্রন্থ-পঞ্জীর বিবরন
Parent link:Научно-техническая конференция, посвященная 25-летию Великой Октябрьской социалистической революции, Томск 3-6 декабря 1942 г..— 1942.— С. 10-11
প্রধান লেখক: Коровин М. К. Михаил Калинникович
ভাষা:রুশ
প্রকাশিত: 1942
মালা:Геолого-разведочная секция
বিষয়গুলি:
বিন্যাস: গ্রন্থের অধ্যায়
KOHA link:https://koha.lib.tpu.ru/cgi-bin/koha/opac-detail.pl?biblionumber=176782

MARC

LEADER 00000naa2a2200000 4500
001 176782
005 20231031165402.0
035 |a (RuTPU)RU\TPU\book\191674 
035 |a RU\TPU\tpu\2269 
090 |a 176782 
100 |a 20100304d1942 k y0rusy50 ca 
101 0 |a rus 
102 |a RU 
200 1 |a Древние структуры Западно-Сибирской равнины в связи с проблемой нефтеносности  |f М. К. Коровин 
225 1 |a Геолого-разведочная секция 
463 0 |0 (RuTPU)RU\TPU\book\175283  |t Научно-техническая конференция, посвященная 25-летию Великой Октябрьской социалистической революции, Томск 3-6 декабря 1942 г.  |o тезисы докладов  |f Томский индустриальный институт (ТИИ) ; под ред. К. Н. Шмаргунов ; М. К. Коровин  |v С. 10-11  |d 1942  |p 74 с. 
610 1 |a геолого-географические науки 
610 1 |a труды учёных ТПУ 
700 1 |a Коровин  |b М. К.  |c российский геолог  |c профессор Томского технологического института  |f 1883-1956  |g Михаил Калинникович  |2 stltpush  |3 (RuTPU)RU\TPU\pers\13856 
801 0 |a RU  |b 63413507  |c 20011210  |g PSBO 
801 2 |a RU  |b 63413507  |c 20100310  |g PSBO 
942 |c BK